Mijaíl Gorbachov: Octubre y la perestroika, la revolucion continua /
El documento consiste en el informe del Secretario General del CC del PCUS en la sesión del Comité Central del PCUS, consagrada al 70 aniversario de la Gran Revolución Socialista de Octubre.
Bewaard in:
| Hoofdauteur: | |
|---|---|
| Formaat: | Texto |
| Taal: | Spanish |
| Gepubliceerd in: |
Moscú, Rusia
Editorial de la agencia de Prensa Nóvosti,
1987
|
| Onderwerpen: | |
| Tags: |
Voeg label toe
Geen labels, Wees de eerste die dit record labelt!
|
MARC
| LEADER | 00000 a a2200000 04500 | ||
|---|---|---|---|
| 001 | 34554 | ||
| 003 | cru CIDCACS/IIS | ||
| 005 | 20230707094758.0 | ||
| 008 | 230424b1987 ru ||||| |||| 00| 0 spa d | ||
| 040 | |c CRAI/IIS | ||
| 090 | |a 01.04.05 G661o | ||
| 100 | |a Gorbachov, Mijaíl | ||
| 245 | |a Mijaíl Gorbachov: Octubre y la perestroika, la revolucion continua / |c Mijaíl Gorbachov | ||
| 260 | |a Moscú, Rusia |b Editorial de la agencia de Prensa Nóvosti, |c 1987 | ||
| 300 | |a 79 p. | ||
| 520 | |a El documento consiste en el informe del Secretario General del CC del PCUS en la sesión del Comité Central del PCUS, consagrada al 70 aniversario de la Gran Revolución Socialista de Octubre. | ||
| 650 | 0 | |9 137 |a REVOLUCION | |
| 650 | 0 | |9 2094 |a SOCIALISTAS | |
| 650 | 0 | |9 9977 |a INFORMES | |
| 651 | 0 | |9 374 |a RUSIA | |
| 942 | |2 ddc |c LI |h 01.04.05 G661o |i 00046 |6 010405_G661O_00046 | ||
| 999 | |c 5581 |d 5581 | ||
